|
|
|
|
| LEADER |
00975nam a22002652a 4500 |
| 001 |
000108921 |
| 003 |
CZ BrMZK |
| 005 |
20120103211235.0 |
| 007 |
ta |
| 008 |
010907s1978 xx f cze d |
| 040 |
|
|
|a BOA001
|b cze
|
| 100 |
1 |
|
|a Turek, Ivan
|7 jk01140441
|4 aut
|
| 245 |
1 |
0 |
|a O problémovom vyučovaní /
|c autor Ivan Turek a kol.
|
| 260 |
|
|
|a Prešov :
|b Krajský pedagogický ústav,
|c 1978
|
| 300 |
|
|
|a 351 s.
|
| 500 |
|
|
|a Rozmnoženo.
|
| 500 |
|
|
|a Xerokopie.
|
| 504 |
|
|
|a Bibliografie na s. 339-349.
|
| 910 |
|
|
|a BOA001
|b PK-0126.467
|b 2-0797.001
|
| 920 |
|
|
|a 000096239
|
| 964 |
|
|
|a Vyučování problémové - příručky - školy průmyslové
|
| 964 |
|
|
|a Vyučování problémové - práce učitele - efektivnost - sborníky
|
| 990 |
|
|
|a BK
|
| 996 |
7 |
|
|b 2619986306
|c 2-0797.001
|l MZK
|r Sklad / do 1 hodiny
|n 3
|w 000108921
|u 000020
|a 1
|e BOA001
|j MZK50
|s A
|
| 996 |
7 |
|
|b 3119005938
|c PK-0126.467
|l MZK
|r Sklad / do 1 hodiny
|n 9
|p p.v.
|w 000108921
|u 000010
|a 1
|e BOA001
|j MZK50
|s A
|